| 000 | 00505nam a22002057a 4500 | ||
|---|---|---|---|
| 003 | UA-OsUOA | ||
| 001 | 38885 | ||
| 007 | ta | ||
| 008 | 20060529b un ||||| |||| 00| 0 ukr d | ||
| 090 |
_a74 _bФ11 |
||
| 942 | _cSA | ||
| 040 |
_aUA-OsUOA _bukr _cUA-OsUOA _dUA-OsUOA |
||
| 245 | _a"Фестиваль "Галас": ми Українці | ||
| 300 | _a6 с. | ||
| 955 | _a0 | ||
| 041 | _aukr | ||
| 080 | _a74 | ||
| 773 | 0 | _w38883 | |
| 650 | 7 |
_a7 Мистецтво. Ігри. Спорт. _2UDC |
|
| 999 |
_c325043 _d325043 |
||